00310nam a2200121Ia 4500008004100000041001200041100001500053245004700068260003500115300000800150650001400158700001600172221030s9999 xx 000 0 und d aEnglish aM. R. Puri 0aModern Algebracby M. R. Puri, Ram Krishan bMalhotra BorthersaJammuc2010 a228 aMCA Maths aRam Krishan